000 00442nam a2200169Ia 4500
003 GCL
008 140319s9999 xx 000 0 eng d
040 _aGCL /
_cGCL
082 0 4 _a747.3
_bS W
100 1 _aSUNSET BOOKS
245 1 0 _aWALKS, WALLS & PATIO FLOORS /
_cSUNSET BOOKS
700 1 _aSUNSET MAGAZINE
260 _a[S.N] :
_bSUNSET PUBLISHING CARPANATION ،
_c1991
650 0 4 _aDRAWING
650 0 4 _aDECORATION
942 _2ddc
_cBK
999 _c17879
_d17879